[Event "Sachsen-Anhalt Landesliga-B 1920"]
[Site "Sachsen Anhalt"]
[Date "2020.03.01"]
[Round "7.2"]
[White "Mikolajewski, Armin"]
[Black "Kitze, Lukas"]
[Result "1/2-1/2"]
[WhiteElo "1889"]
[BlackElo "1846"]
[PlyCount "41"]
[EventDate "2019.09.29"]
[EventType "team-tourn"]
[EventRounds "9"]
[EventCountry "GER"]
[SourceTitle "EXT 2023"]
[Source "ChessBase"]
[SourceDate "2022.10.05"]
[SourceVersion "1"]
[SourceVersionDate "2022.10.05"]
[SourceQuality "1"]
[WhiteTeam "Naumburg II"]
[BlackTeam "Granschuetz Gruen Weiss"]
[WhiteTeamCountry "GER"]
[BlackTeamCountry "GER"]

1. d4 Nf6 2. Nf3 g6 3. c4 Bg7 4. Nc3 d5 5. cxd5 Nxd5 6. e4 Nxc3 7. bxc3 c5 8. Rb1 0-0 9. Be2 Nc6 10. d5 Ne5 11. Nxe5 Bxe5 12. Qd2 Qa5 13. Rb3 Bd7 14. f4 Bg7 15. e5 b5 16. c4 Qxd2+ 17. Bxd2 b4 18. Be3 Rad8 19. 0-0 a5 20. h3 f6 21. e6 1/2-1/2

[Event "Sachsen-Anhalt Landesliga-B 1920"]
[Site "Sachsen Anhalt"]
[Date "2019.11.17"]
[Round "3.2"]
[White "Kitze, Lukas"]
[Black "Horvat, Lars"]
[Result "1/2-1/2"]
[WhiteElo "1846"]
[BlackElo "1775"]
[PlyCount "48"]
[EventDate "2019.09.29"]
[EventType "team-tourn"]
[EventRounds "9"]
[EventCountry "GER"]
[SourceTitle "EXT 2023"]
[Source "ChessBase"]
[SourceDate "2022.10.05"]
[SourceVersion "1"]
[SourceVersionDate "2022.10.05"]
[SourceQuality "1"]
[WhiteTeam "Granschuetz Gruen Weiss"]
[BlackTeam "Anhalt"]
[WhiteTeamCountry "GER"]
[BlackTeamCountry "GER"]

1. d4 Nf6 2. Bf4 g6 3. Nf3 Bg7 4. e3 d5 5. Nbd2 0-0 6. Bd3 c5 7. c3 cxd4 8. exd4 Nc6 9. 0-0 Nh5 10. Bg5 Qd6 11. Re1 Re8 12. Qc2 f5 13. Nb3 Nf6 14. Bxf6 Bxf6 15. Rad1 b6 16. a4 Be6 17. Re2 Bf7 18. Nbd2 Rac8 19. Qb1 e5 20. dxe5 Nxe5 21. Nxe5 Rxe5 22. Rde1 Rxe2 23. Rxe2 Re8 24. Qe1 Rxe2 1/2-1/2

[Event "Sachsen-Anhalt Landesliga B 18/19"]
[Site "Sachsen Anhalt"]
[Date "2018.11.11"]
[Round "3.2"]
[White "Kitze, Lukas"]
[Black "Mikolajewski, Armin"]
[Result "1/2-1/2"]
[WhiteElo "1881"]
[BlackElo "2019"]
[PlyCount "56"]
[EventDate "2018.09.23"]
[EventType "team-tourn"]
[EventRounds "9"]
[EventCountry "GER"]
[SourceTitle "EXT 2022"]
[Source "ChessBase"]
[SourceDate "2021.10.06"]
[SourceVersion "1"]
[SourceVersionDate "2021.10.06"]
[SourceQuality "1"]
[WhiteTeam "Granschuetz Gruen Weiss"]
[BlackTeam "Naumburg II"]
[WhiteTeamCountry "GER"]
[BlackTeamCountry "GER"]

1. d4 Nf6 2. Nf3 d5 3. g3 Bf5 4. Bg2 e6 5. 0-0 Nbd7 6. b3 Be7 7. Bb2 h6 8. Nbd2 0-0 9. c4 c6 10. Ne5 Nxe5 11. dxe5 Nd7 12. e4 dxe4 13. Nxe4 Bxe4 14. Bxe4 Nc5 15. Bc2 Qxd1 16. Raxd1 Rfd8 17. Kg2 Kf8 18. f4 Rxd1 19. Rxd1 Ke8 20. Kf3 Rd8 21. Rxd8+ Kxd8 22. Bc3 Na6 23. h4 b6 24. Be4 Kd7 25. Kg4 c5 26. a3 Nc7 27. Kf3 Ne8 28. h5 f5 1/2-1/2

[Event "Berlin Spring op-B"]
[Site "Berlin"]
[Date "2014.05.03"]
[Round "6"]
[White "Wobick, Oliver"]
[Black "Kitze, Lukas"]
[Result "1/2-1/2"]
[WhiteElo "1803"]
[BlackElo "1804"]
[PlyCount "51"]
[EventDate "2014.05.01"]
[EventType "swiss"]
[EventRounds "7"]
[EventCountry "GER"]
[SourceTitle "CBM 160 Extra"]
[Source "ChessBase"]
[SourceDate "2014.07.01"]
[SourceVersion "1"]
[SourceVersionDate "2014.07.01"]
[SourceQuality "1"]

1. e4 c5 2. Nf3 Nc6 3. d4 cxd4 4. Nxd4 g6 5. Nc3 Bg7 6. Be3 Nf6 7. Be2 0-0 8. 0-0 Qa5 9. Nb3 Qd8 10. f4 d6 11. g4 Nd7 12. Qd2 Nb6 13. Rab1 f5 14. exf5 gxf5 15. gxf5 Bxf5 16. Nd5 Nxd5 17. Qxd5+ e6 18. Qd2 d5 19. Bd3 Qf6 20. Bxf5 Qxf5 21. Rf2 Rad8 22. Nd4 Qf7 23. Rg2 Kh8 24. Kh1 Rg8 25. Rbg1 Bf6 26. Rxg8+ 1/2-1/2

[Event "Berlin Spring op-B"]
[Site "Berlin"]
[Date "2014.05.02"]
[Round "3"]
[White "Kitze, Lukas"]
[Black "Joehn, Justin"]
[Result "1/2-1/2"]
[WhiteElo "1804"]
[BlackElo "1707"]
[PlyCount "57"]
[EventDate "2014.05.01"]
[EventType "swiss"]
[EventRounds "7"]
[EventCountry "GER"]
[SourceTitle "CBM 160 Extra"]
[Source "ChessBase"]
[SourceDate "2014.07.01"]
[SourceVersion "1"]
[SourceVersionDate "2014.07.01"]
[SourceQuality "1"]

1. e4 c5 2. Nf3 e6 3. d4 cxd4 4. Nxd4 a6 5. Bd3 b5 6. 0-0 Bb7 7. a3 d6 8. Nc3 Nf6 9. Kh1 Nc6 10. Be3 Ne5 11. f4 Nxd3 12. cxd3 Rc8 13. Rc1 Be7 14. Qd2 Ng4 15. Bg1 0-0 16. h3 Nf6 17. Be3 Re8 18. Rc2 Nd7 19. Rfc1 Bf6 20. b4 Nf8 21. Nb3 Bxc3 22. Rxc3 Rxc3 23. Qxc3 Qd7 24. Qc7 Rc8 25. Qxd7 Rxc1+ 26. Bxc1 Nxd7 27. Be3 Kf8 28. Kg1 Ke7 29. Kf2 1/2-1/2

[Event "GER-ch U25 op-A"]
[Site "Oberhof"]
[Date "2013.05.22"]
[Round "6"]
[White "Peters, Theresa"]
[Black "Kitze, Lukas"]
[Result "1/2-1/2"]
[WhiteElo "1467"]
[BlackElo "1611"]
[PlyCount "47"]
[EventDate "2013.05.19"]
[EventType "swiss"]
[EventRounds "9"]
[EventCountry "GER"]
[SourceTitle "CBM 154 Extra"]
[Source "ChessBase"]
[SourceDate "2013.06.25"]
[SourceVersion "2"]
[SourceVersionDate "2013.06.25"]
[SourceQuality "1"]

1. d4 Nf6 2. Nf3 g6 3. Bf4 Bg7 4. e3 0-0 5. Be2 d5 6. Nbd2 Nbd7 7. 0-0 b6 8. Rc1 Bb7 9. c4 c5 10. Nb3 cxd4 11. exd4 Rc8 12. Rc2 Ne4 13. Qc1 Ba6 14. Re1 dxc4 15. Bxc4 Bxc4 16. Rxc4 Rxc4 17. Qxc4 Ndf6 18. Ne5 Qc8 19. Qxc8 Rxc8 20. g4 g5 21. Be3 Rc2 22. f3 Nd6 23. Nd3 h6 24. Bf2 1/2-1/2

[Event "GER-chT North U14"]
[Site "Magdeburg"]
[Date "2012.09.08"]
[Round "5.2"]
[White "Kitze, Lukas"]
[Black "Lemke, Berfin"]
[Result "0-1"]
[WhiteElo "1517"]
[BlackElo "1486"]
[PlyCount "46"]
[EventDate "2012.09.06"]
[EventType "team-swiss"]
[EventRounds "7"]
[EventCountry "GER"]
[SourceTitle "EXT 2015"]
[Source "ChessBase"]
[SourceDate "2014.11.20"]
[SourceVersion "1"]
[SourceVersionDate "2014.11.20"]
[SourceQuality "1"]
[WhiteTeam "Granschuetz Gruen Weiss"]
[BlackTeam "Hamburg Koenigsspringer"]
[WhiteTeamCountry "GER"]
[BlackTeamCountry "GER"]

1. e4 c5 2. Nf3 d6 3. d4 cxd4 4. Nxd4 Nf6 5. Nc3 a6 6. Bg5 Nbd7 7. f4 Qc7 8. Qf3 h6 9. Bh4 g5 10. fxg5 hxg5 11. Bxg5 Qc5 12. Be3 Ne5 13. Qe2 Neg4 14. Bg1 Ne5 15. Nf3 Qb4 16. 0-0-0 Bg4 17. h3 Rc8 18. a3 Qa5 19. Bh2 Bh6+ 20. Kb1 Bxf3 21. gxf3 Nc4 22. Na2 Qb6 23. Ka1 Qxb2# 0-1

[Event "GER-ch U25 op-A"]
[Site "Oberhof"]
[Date "2012.05.31"]
[Round "7"]
[White "Katz, Simon"]
[Black "Kitze, Lukas"]
[Result "0-1"]
[WhiteElo "1433"]
[BlackElo "1513"]
[PlyCount "84"]
[EventDate "2012.05.27"]
[EventType "swiss"]
[EventRounds "9"]
[EventCountry "GER"]
[SourceTitle "CBM 148 Extra"]
[Source "ChessBase"]
[SourceDate "2012.06.22"]
[SourceVersion "1"]
[SourceVersionDate "2012.06.22"]
[SourceQuality "1"]

1. e4 c5 2. Nc3 Nc6 3. d3 g6 4. Nge2 Bg7 5. g3 e6 6. Bg2 Nge7 7. Be3 Nd4 8. f4 0-0 9. 0-0 Rb8 10. Qd2 d6 11. Rf2 b6 12. Raf1 Bb7 13. g4 f5 14. gxf5 exf5 15. Bxd4 cxd4 16. Nd1 Qc7 17. Ng3 Rbc8 18. exf5 Bxg2 19. Rxg2 Nxf5 20. Nxf5 Rxf5 21. Qe2 Rcf8 22. Rg4 d5 23. Qe6+ Kh8 24. Rh4 g5 25. Rh5 Rxf4 26. Rf2 Rxf2 27. Nxf2 Qxc2 28. Qe1 Rxf2 29. Qxf2 Qd1+ 30. Kg2 Qxh5 31. Qf5 Qe2+ 32. Kg1 Qe3+ 33. Kg2 Qd2+ 34. Kg1 Qc1+ 35. Kg2 Qxb2+ 36. Kg1 Qa1+ 37. Kg2 Qxa2+ 38. Kh3 Qc2 39. Qxd5 Qxd3+ 40. Kg2 h6 41. Qd7 Qe4+ 42. Kf1 d3 0-1